[Event "MrDodgy Inv 3 GpA"]
[Site "chess24.com INT"]
[Date "2022.11.25"]
[Round "4.5"]
[White "Williams, Simon K"]
[Black "Pichot, Alan"]
[Result "1/2-1/2"]
[WhiteTitle "GM"]
[BlackTitle "GM"]
[WhiteElo "2467"]
[BlackElo "2637"]
[WhiteFideId "404454"]
[BlackFideId "110973"]
[EventDate "2022.11.25"]

1. d4 Nf6 2. Bg5 d5 3. Bxf6 gxf6 4. c4 c6 5. cxd5 cxd5 6. Nc3 Nc6 7. e4 dxe4 8.
d5 Ne5 9. Qa4+ Bd7 10. Qxe4 Qb6 11. O-O-O Rc8 12. Nf3 Bh6+ 13. Kc2 Qxf2+ 14. Kb1
Rg8 15. Qxh7 Rg6 16. Nxe5 fxe5 17. d6 Rxd6 18. Qh8+ Bf8 19. Rxd6 exd6 20. Bd3
Be6 21. Ne4 Qxg2 22. Rf1 Kd7 23. Nf6+ Kc7 24. Rc1+ Kb6 25. Rxc8 Bxc8 26. Qxf8
Qg1+ 27. Kc2 Qf2+ 28. Kc3 Qxf6 29. Qxc8 e4+ 30. Kd2 exd3 31. Kxd3 Qxb2 32. Qd8+
Ka6 33. Qxd6+ b6 34. a3 f5 35. Ke3 Ka5 36. Kf3 b5 37. Qb4+ Qxb4 38. axb4+ Kxb4
39. h4 a5 40. h5 a4 41. h6 a3 42. h7 Kb3 43. h8=Q b4 44. Qa1 Kc2 45. Ke3 b3 46.
Qxa3 b2 47. Qc5+ Kb1 48. Qb4 Ka2 49. Qc4+ Ka1 50. Qc3 Ka2 51. Qc4+ Ka1 52. Qb4
Kb1 53. Qxb2+ Kxb2 54. Kf4 Kc3 55. Kxf5 1/2-1/2

[Event "MrDodgy Inv 3 GpA"]
[Site "chess24.com INT"]
[Date "2022.11.25"]
[Round "4.6"]
[White "Plichta, Kamil"]
[Black "Carlsen, Magnus"]
[Result "1-0"]
[WhiteTitle "FM"]
[BlackTitle "GM"]
[WhiteElo "2394"]
[BlackElo "2859"]
[WhiteFideId "1141830"]
[BlackFideId "1503014"]
[EventDate "2022.11.25"]

1. d4 Nf6 2. Bg5 b5 3. Bxf6 gxf6 4. e3 Bb7 5. Nf3 a6 6. g3 c5 7. c3 e6 8. Bg2 d5
9. O-O Nd7 10. Nbd2 Be7 11. Re1 O-O 12. e4 Rc8 13. exd5 Bxd5 14. a4 b4 15. c4
Bxf3 16. Nxf3 cxd4 17. Qxd4 Nc5 18. Qg4+ Kh8 19. Rad1 Qc7 20. Qh5 Rcd8 21. Rxd8
Qxd8 22. Nh4 Qd4 23. Nf5 exf5 24. Rxe7 Qxb2 25. Rxf7 Qc1+ 26. Bf1 Rxf7 27. Qxf7
h5 28. Qf8+ Kh7 29. Qf7+ Kh8 30. Qxf6+ Kg8 31. Qd8+ Kf7 32. Qc7+ Ke6 33. Qb6+
Kd7 34. Qxc5 Qb1 35. Qd5+ Kc8 36. c5 b3 37. c6 Kc7 38. Qd7+ Kb6 39. c7 b2 40.
c8=Q Qxf1+ 41. Kxf1 b1=Q+ 42. Kg2 Qe4+ 43. f3 Qe2+ 44. Kh3 1-0

[Event "MrDodgy Inv 3 GpA"]
[Site "chess24.com INT"]
[Date "2022.11.25"]
[Round "4.7"]
[White "Grischuk, Alexander"]
[Black "Van Foreest, Jorden"]
[Result "1/2-1/2"]
[WhiteTitle "GM"]
[BlackTitle "GM"]
[WhiteElo "2745"]
[BlackElo "2690"]
[WhiteFideId "4126025"]
[BlackFideId "1039784"]
[EventDate "2022.11.25"]

1. Nf3 d5 2. g3 Nc6 3. d4 g6 4. Bg2 Bg7 5. O-O Nf6 6. b3 O-O 7. Bb2 a5 8. c4 a4
9. e3 Bf5 10. Nbd2 Nb4 11. Bc3 Nc6 12. Qe2 Ne4 13. Nxe4 Bxe4 14. Rfd1 e6 15. Bh3
g5 16. Nd2 Bc2 17. Rdc1 Bg6 18. Bg2 Re8 19. cxd5 exd5 20. Qb5 Ne7 21. Qxb7 Bd3
22. Bb4 Rb8 23. Bxe7 Rxb7 24. Bxd8 Rxd8 25. bxa4 Bf8 26. Bf1 Bg6 27. Nb3 Ra7 28.
a5 Ba3 29. Rc6 Bf5 30. a6 Bd7 31. Rc3 Bb2 32. Rac1 Bxc3 33. Rxc3 Rb8 34. Bd3 Bh3
35. f3 Bc8 36. Nc5 Rb6 37. Rb3 h6 38. Kf2 Kf8 39. g4 Ke7 40. Kg3 f6 41. h4 Ra8
42. hxg5 hxg5 43. Rc3 Kd6 44. Rc2 Bxa6 45. Bxa6 Rbxa6 46. Nxa6 Rxa6 47. f4 Ra3
48. Kf3 c6 49. Rh2 gxf4 50. Kxf4 Ke6 51. Rc2 Ra6 52. a4 Kf7 53. Ra2 Ra5 54. e4
dxe4 55. Kxe4 Ke6 56. Ra3 Kd6 57. Rf3 Ke6 58. Ra3 Kd6 59. Ra1 Ke6 60. Ke3 Kd6
61. Kd3 Kc7 62. Kc4 Rg5 63. Rf1 Rxg4 64. Rxf6 Rg2 65. a5 Ra2 66. Rf7+ Kd6 67.
Ra7 Ra4+ 68. Kc3 c5 69. dxc5+ Kxc5 70. Ra8 Kb5 71. Rb8+ Kxa5 72. Ra8+ Kb5 73.
Rxa4 Kxa4 1/2-1/2

[Event "MrDodgy Inv 3 GpA"]
[Site "chess24.com INT"]
[Date "2022.11.25"]
[Round "5.3"]
[White "Carlsen, Magnus"]
[Black "Grischuk, Alexander"]
[Result "1/2-1/2"]
[WhiteTitle "GM"]
[BlackTitle "GM"]
[WhiteElo "2859"]
[BlackElo "2745"]
[WhiteFideId "1503014"]
[BlackFideId "4126025"]
[EventDate "2022.11.25"]

1. c4 e5 2. h4 Nf6 3. e3 d5 4. cxd5 Nxd5 5. Nf3 Nc6 6. Nc3 Ndb4 7. d3 Bf5 8. e4
Bg4 9. a3 Na6 10. b4 Bxf3 11. gxf3 Nd4 12. f4 exf4 13. Bxf4 c6 14. Be3 Nc7 15.
Bg2 a5 16. Ne2 Nce6 17. Nxd4 Nxd4 18. O-O g6 19. Rc1 Bg7 20. h5 axb4 21. axb4
O-O 22. Rc4 Ra2 23. Re1 b5 24. Rc5 Ra1 25. Qxa1 Ne2+ 26. Rxe2 Bxa1 27. d4 Bxd4
28. Rd2 Bxe3 29. Rxd8 Bxc5 30. Rxf8+ Bxf8 31. hxg6 fxg6 32. e5 c5 33. Bd5+ Kg7
34. bxc5 Bxc5 35. Kg2 g5 36. Kg3 Bd4 37. f4 gxf4+ 38. Kxf4 Kf8 39. e6 Ke7 40.
Bc6 b4 41. Bd5 Bg7 42. Kg5 Bf8 43. Bb3 Bg7 44. Bc4 Bf8 45. Bb3 Bg7 46. Bc4 Bf8
47. Bb3 1/2-1/2

[Event "MrDodgy Inv 3 GpA"]
[Site "chess24.com INT"]
[Date "2022.11.25"]
[Round "5.4"]
[White "Pichot, Alan"]
[Black "Plichta, Kamil"]
[Result "1-0"]
[WhiteTitle "GM"]
[BlackTitle "FM"]
[WhiteElo "2637"]
[BlackElo "2394"]
[WhiteFideId "110973"]
[BlackFideId "1141830"]
[EventDate "2022.11.25"]

1. e4 e5 2. Nf3 Nf6 3. Nxe5 Nxe4 4. Qe2 Qe7 5. Qxe4 d6 6. d4 dxe5 7. dxe5 Nc6 8.
Nc3 Qxe5 9. Qxe5+ Nxe5 10. Bf4 Bd6 11. Bg3 h5 12. Nb5 h4 13. Nxd6+ cxd6 14. Bf4
Bf5 15. O-O-O Rc8 16. c3 Ke7 17. Be2 f6 18. Rhe1 g5 19. Be3 a6 20. Bd4 Kf7 21.
Rf1 Be4 22. f3 Bc6 23. Rd2 Rhe8 24. f4 gxf4 25. Bh5+ Ng6 26. Rxf4 Re1+ 27. Rd1
Re5 28. Bxe5 dxe5 29. Rxh4 f5 30. Rd6 Rg8 31. Bxg6+ Rxg6 32. Rh7+ Rg7 33. Rxg7+
Kxg7 34. g3 f4 35. gxf4 exf4 36. Kd2 Bg2 37. h4 Kh7 38. h5 Kg7 39. h6+ Kh7 40.
Ke2 Be4 41. Rd4 Bc6 42. Rxf4 Kxh6 43. Rf6+ Kg5 44. Rxc6 bxc6 45. Kd3 1-0

[Event "MrDodgy Inv 3 GpA"]
[Site "chess24.com INT"]
[Date "2022.11.25"]
[Round "5.5"]
[White "Jones, Gawain C B"]
[Black "Williams, Simon K"]
[Result "1/2-1/2"]
[WhiteTitle "GM"]
[BlackTitle "GM"]
[WhiteElo "2623"]
[BlackElo "2467"]
[WhiteFideId "409561"]
[BlackFideId "404454"]
[EventDate "2022.11.25"]

1. e4 c5 2. Nf3 d6 3. Bb5+ Nc6 4. O-O Bd7 5. c3 a6 6. Ba4 b5 7. Bc2 e5 8. d4
cxd4 9. cxd4 Bg4 10. Be3 Bxf3 11. Qxf3 Be7 12. Rd1 Nf6 13. dxe5 Nxe5 14. Qe2 O-O
15. Nc3 Nc4 16. Bd4 Nxb2 17. e5 dxe5 18. Bxe5 Nxd1 19. Rxd1 Qc8 20. Ne4 Nxe4 21.
Bxe4 Ra7 22. Qe3 Rd7 23. Bxh7+ Kxh7 24. Qh3+ Kg8 25. Qxd7 Qxd7 26. Rxd7 Rc8 27.
g4 Rc1+ 28. Kg2 Bc5 29. Rc7 Ba3 30. Kf3 Rxc7 31. Bxc7 f6 32. Ke4 Kf7 33. Kd5 Kg6
34. f4 f5 35. h3 Bc1 36. Ke6 fxg4 37. hxg4 Bd2 38. Be5 a5 39. f5+ Kh7 40. Kf7
Bh6 41. f6 gxf6 42. Bxf6 b4 43. g5 Bxg5 44. Bxg5 a4 45. Bc1 b3 46. a3 Kh8 47.
Bb2+ Kh7 48. Bg7 b2 49. Bxb2 Kh6 50. Kf6 Kh7 51. Bc3 Kg8 52. Bb4 Kh7 53. Bf8 Kg8
54. Bc5 Kh7 55. Kf7 Kh8 56. Be7 Kh7 57. Ke6 Kg7 58. Bd6 Kg8 59. Bb4 Kg7 60. Ke7
Kg8 61. Kd7 Kf7 62. Bc5 Kf6 63. Kc6 Ke6 64. Bb4 Ke5 65. Kb5 Kd5 66. Bf8 Ke6 67.
Kc6 Kf7 68. Bb4 Ke6 69. Kb5 Kd7 70. Kxa4 Kc8 71. Kb5 Kb8 72. a4 Ka8 73. a5 Kb8
74. a6 Ka8 75. Bc5 Kb8 76. Kb6 Ka8 77. a7 1/2-1/2

[Event "MrDodgy Inv 3 GpA"]
[Site "chess24.com INT"]
[Date "2022.11.25"]
[Round "5.6"]
[White "Supi, Luis Paulo"]
[Black "Ten Hertog, Hugo"]
[Result "1-0"]
[WhiteTitle "GM"]
[BlackTitle "GM"]
[WhiteElo "2612"]
[BlackElo "2528"]
[WhiteFideId "2106388"]
[BlackFideId "1026356"]
[EventDate "2022.11.25"]

1. e4 g6 2. d4 Bg7 3. c3 d6 4. Bd3 e5 5. Nf3 Nc6 6. h3 Nge7 7. O-O O-O 8. dxe5
Nxe5 9. Nxe5 dxe5 10. Bc4 Bd7 11. Bg5 h6 12. Be3 Bc6 13. Nd2 Nc8 14. Qc2 Nd6 15.
Bb3 a5 16. a3 Kh8 17. f4 exf4 18. Bxf4 Qe7 19. Rae1 Rae8 20. Kh1 f5 21. e5 Ne4
22. Nxe4 Bxe4 23. Rxe4 fxe4 24. Qxe4 Qxe5 25. Qxg6 Qe2 26. Rf3 Rf6 27. Qg4 Ref8
28. Kh2 Qe4 29. Rg3 Rg6 30. Qxg6 Qxg6 31. Rxg6 Rxf4 32. Kg1 Re4 33. Kf1 Rf4+ 34.
Ke2 a4 35. Bd5 Rf5 36. Bc4 b5 37. Bd3 Re5+ 38. Kf3 c5 39. Rc6 c4 40. Rc8+ 1-0

[Event "MrDodgy Inv 3 GpA"]
[Site "chess24.com INT"]
[Date "2022.11.25"]
[Round "5.7"]
[White "Adhiban, Baskaran"]
[Black "Mamedov, Rauf"]
[Result "1/2-1/2"]
[WhiteTitle "GM"]
[BlackTitle "GM"]
[WhiteElo "2603"]
[BlackElo "2646"]
[WhiteFideId "5018471"]
[BlackFideId "13401653"]
[EventDate "2022.11.25"]

1. d4 d6 2. e4 Nf6 3. Nc3 e5 4. Nf3 exd4 5. Nxd4 g6 6. Be3 Ng4 7. Bf4 Bg7 8. Qd2
Nc6 9. Nxc6 bxc6 10. h3 Ne5 11. Bh6 Bxh6 12. Qxh6 g5 13. Qg7 Rf8 14. O-O-O Be6
15. h4 g4 16. f4 gxf3 17. gxf3 Nxf3 18. e5 Nxe5 19. Bg2 Qe7 20. Qxh7 O-O-O 21.
Qe4 Rg8 22. Bf1 Qf6 23. Ba6+ Kd7 24. Rhf1 Qh6+ 25. Kb1 Ke7 26. Qd4 c5 27. Nd5+
Bxd5 28. Qxd5 Rb8 29. Rde1 Qe6 30. Qd2 c4 31. Rf4 Kf8 32. Qc3 Rg4 33. Bxc4 Qh6
34. Rxg4 Nxg4 35. Bxf7 Qf6 36. Qxf6 Nxf6 37. Bb3 Rb4 38. Rf1 Kg7 39. Rg1+ Kf8
40. Rg6 Rf4 41. a4 d5 42. a5 c5 43. c3 Kf7 44. Rg5 Ke6 45. h5 Rh4 46. Bd1 Rh1
47. Kc2 Rh2+ 48. Kb3 c4+ 49. Ka3 Ne4 50. Bg4+ Kd6 51. Rg6+ Ke5 52. Bc8 Rxh5 53.
Re6+ Kf4 54. Re7 Rh1 55. Rxa7 Ra1+ 56. Kb4 Rb1 57. Rf7+ Ke3 58. Ka3 Ra1+ 59. Kb4
Rb1 60. Ka3 Nc5 61. a6 Nd3 62. Ka4 Ra1+ 63. Kb5 Nxb2 64. Kb6 d4 65. cxd4 c3 66.
Rc7 Kxd4 67. a7 Nc4+ 68. Rxc4+ Kxc4 69. Ba6+ Kb3 70. a8=Q c2 71. Qd5+ Kb2 72.
Qd4+ Kb1 73. Bd3 Ra2 74. Bxc2+ Rxc2 75. Qd3 Kc1 76. Kb5 Rb2+ 77. Kc4 Rc2+ 78.
Kb3 Rb2+ 79. Ka3 Ra2+ 80. Kb4 Rb2+ 81. Ka4 Ra2+ 82. Kb5 Rb2+ 83. Ka4 Ra2+ 84.
Kb3 Rb2+ 85. Kc4 Rc2+ 86. Kb3 Rb2+ 1/2-1/2

[Event "MrDodgy Inv 3 GpA"]
[Site "chess24.com INT"]
[Date "2022.11.25"]
[Round "5.8"]
[White "Salgado Lopez, Ivan"]
[Black "Jobava, Baadur"]
[Result "1/2-1/2"]
[WhiteTitle "GM"]
[BlackTitle "GM"]
[WhiteElo "2591"]
[BlackElo "2578"]
[WhiteFideId "2257327"]
[BlackFideId "13601520"]
[EventDate "2022.11.25"]

1. e4 c6 2. d4 d5 3. exd5 cxd5 4. Bd3 Nf6 5. h3 Nc6 6. c3 g6 7. Nf3 Bf5 8. Ne5
Bxd3 9. Nxd3 e6 10. Bf4 Bd6 11. Bxd6 Qxd6 12. Nd2 O-O 13. O-O Kg7 14. Re1 Rab8
15. Qe2 b5 16. a3 a5 17. b4 a4 18. Nc5 Ne7 19. Nf3 h5 20. Qd3 Nf5 21. Re2 Rfe8
22. Rae1 h4 23. Ne5 Rb6 24. Qf3 Qd8 25. g4 Nd6 26. Qf4 Nh7 27. Ned7 Rc6 28. Ne5
Rb6 29. Ned7 Rc6 30. Ne5 Rb6 1/2-1/2

[Event "MrDodgy Inv 3 GpA"]
[Site "chess24.com INT"]
[Date "2022.11.25"]
[Round "6.1"]
[White "Rosen, Eric"]
[Black "Jobava, Baadur"]
[Result "0-1"]
[WhiteTitle "IM"]
[BlackTitle "GM"]
[WhiteElo "2356"]
[BlackElo "2578"]
[WhiteFideId "2032562"]
[BlackFideId "13601520"]
[EventDate "2022.11.25"]

1. d4 Nf6 2. Bf4 d6 3. Nc3 Nbd7 4. Nf3 c5 5. e3 g6 6. Be2 Bg7 7. O-O O-O 8. h3
a6 9. a4 b6 10. Nd2 Bb7 11. Bf3 Qc8 12. Re1 Rd8 13. Qe2 d5 14. Rad1 e6 15. Nf1
Bc6 16. g4 Qb7 17. Ng3 b5 18. g5 Ne8 19. axb5 axb5 20. h4 b4 21. Nb1 e5 22. dxe5
Nxe5 23. Bg2 Nd6 24. h5 Re8 25. Nd2 Bb5 26. Bxd5 Qxd5 27. Nde4 Bxe2 28. Rxd5
Nf3+ 29. Kh1 Nxe1 30. Nxd6 Bf3+ 31. Kh2 Bxd5 32. Nxe8 Rxe8 0-1

[Event "MrDodgy Inv 3 GpA"]
[Site "chess24.com INT"]
[Date "2022.11.25"]
[Round "6.2"]
[White "Mamedov, Rauf"]
[Black "Salgado Lopez, Ivan"]
[Result "1-0"]
[WhiteTitle "GM"]
[BlackTitle "GM"]
[WhiteElo "2646"]
[BlackElo "2591"]
[WhiteFideId "13401653"]
[BlackFideId "2257327"]
[EventDate "2022.11.25"]

1. e4 e6 2. d4 d5 3. Nd2 a5 4. Ngf3 Nf6 5. Bd3 c5 6. e5 Nfd7 7. c3 Nc6 8. a3 a4
9. O-O Qb6 10. Re1 Be7 11. h4 h6 12. h5 cxd4 13. cxd4 Nxd4 14. Nxd4 Qxd4 15. Nf3
Qg4 16. Bd2 O-O 17. Rc1 Nc5 18. Bb1 Ne4 19. Rc7 Bd8 20. Rc1 Bd7 21. Bb4 Bb6 22.
Bxe4 dxe4 23. Nd2 Qxd1 24. Rcxd1 Rfd8 25. Nxe4 Bc6 26. Nd6 Bc7 27. Re3 Bxd6 28.
exd6 Rd7 29. f3 Re8 30. Kf2 f6 31. Rc3 Kf7 32. Rc5 e5 33. Ra5 Ke6 34. Ra7 Rc8
35. Rc1 Rg8 36. g4 Re8 37. Ke3 Kf7 38. Rxc6 1-0

[Event "MrDodgy Inv 3 GpA"]
[Site "chess24.com INT"]
[Date "2022.11.25"]
[Round "6.3"]
[White "Ten Hertog, Hugo"]
[Black "Adhiban, Baskaran"]
[Result "0-1"]
[WhiteTitle "GM"]
[BlackTitle "GM"]
[WhiteElo "2528"]
[BlackElo "2603"]
[WhiteFideId "1026356"]
[BlackFideId "5018471"]
[EventDate "2022.11.25"]

1. c4 b6 2. Nc3 Bb7 3. e4 e5 4. Nge2 Nc6 5. d3 Bc5 6. a3 a5 7. Be3 Bxe3 8. fxe3
Qh4+ 9. Ng3 Nge7 10. Qf3 O-O 11. O-O-O g6 12. Be2 f5 13. exf5 Nd8 14. Nd5 Bxd5
15. cxd5 Nxf5 16. Rdf1 Nb7 17. Nxf5 Rxf5 18. Qg4 Qxg4 19. Bxg4 Rxf1+ 20. Rxf1
Rd8 21. Kd2 Nd6 22. Rc1 Ne8 23. d6 c6 24. d4 exd4 25. exd4 Nxd6 26. Re1 Kf7 27.
Rf1+ Kg7 28. Re1 Kf6 29. Kd3 h5 30. Bh3 g5 31. Rf1+ Kg6 32. g3 g4 33. Bg2 Re8
34. h3 Kg5 35. Rf4 b5 36. h4+ Kg6 37. Kd2 Nc4+ 38. Kc1 Re1+ 0-1

[Event "MrDodgy Inv 3 GpA"]
[Site "chess24.com INT"]
[Date "2022.11.25"]
[Round "6.4"]
[White "Williams, Simon K"]
[Black "Supi, Luis Paulo"]
[Result "0-1"]
[WhiteTitle "GM"]
[BlackTitle "GM"]
[WhiteElo "2467"]
[BlackElo "2612"]
[WhiteFideId "404454"]
[BlackFideId "2106388"]
[EventDate "2022.11.25"]

1. d4 d5 2. c4 e6 3. Nc3 a6 4. cxd5 exd5 5. Nf3 h6 6. Bf4 Nf6 7. e3 Bd6 8. Bg3
Bf5 9. Bd3 Bxd3 10. Qxd3 O-O 11. O-O Bxg3 12. hxg3 Nbd7 13. b4 c6 14. a4 Re8 15.
b5 cxb5 16. axb5 a5 17. Rfc1 Rc8 18. Rc2 g6 19. Rac1 Kg7 20. Na4 Rxc2 21. Qxc2
Qe7 22. Qc3 Ne4 23. Qb3 Ndf6 24. Ne5 Qb4 25. Qxb4 axb4 26. Rb1 Rc8 27. g4 b3 28.
f3 Nd2 29. Rb2 Rc2 30. Nd3 Ne8 31. Kf2 Nd6 32. Ke1 N2c4 33. Rxc2 bxc2 34. Nc3
Nxe3 35. Kd2 Ndc4+ 36. Kc1 Kf6 37. g3 Kg5 38. Nf2 b6 39. f4+ Kf6 40. Nd3 Ke6 41.
Ne5 h5 42. gxh5 gxh5 43. Nxc4 dxc4 44. Kd2 Kd6 45. Ne2 Nf5 46. Kxc2 Kd5 47. Kc3
f6 48. Kb4 Ne3 49. Nc3+ Kxd4 50. Na4 Nd5+ 51. Ka3 Kd3 52. Nb2+ Kc3 53. Na4+ Kd4
54. Nb2 c3 55. Na4 Kd3 56. Ka2 c2 0-1

[Event "MrDodgy Inv 3 GpA"]
[Site "chess24.com INT"]
[Date "2022.11.25"]
[Round "6.5"]
[White "Plichta, Kamil"]
[Black "Jones, Gawain C B"]
[Result "1-0"]
[WhiteTitle "FM"]
[BlackTitle "GM"]
[WhiteElo "2394"]
[BlackElo "2623"]
[WhiteFideId "1141830"]
[BlackFideId "409561"]
[EventDate "2022.11.25"]

1. d4 Nf6 2. Bg5 g6 3. Bxf6 exf6 4. c4 d5 5. cxd5 Qxd5 6. Nc3 Qd8 7. e3 Bd6 8.
Nf3 c6 9. g3 h5 10. h4 O-O 11. Bg2 Bg4 12. Qb3 Qb6 13. Qxb6 axb6 14. O-O Na6 15.
a3 Nc7 16. Nd2 Be7 17. Rfc1 Rfd8 18. Kf1 b5 19. Nce4 Na6 20. b4 Be6 21. Ke2 f5
22. Ng5 Bxg5 23. hxg5 Nc7 24. Nf3 Bc4+ 25. Kd2 Bd5 26. Ke2 Ne6 27. Rc3 Ra4 28.
Ne1 Bxg2 29. Nxg2 Nxg5 30. Nf4 Ne4 31. Rb3 Kg7 32. Nd3 Raa8 33. Rc1 Rd5 34. Nf4
Rd6 35. Rg1 Rh8 36. Ng2 Kf8 37. Ra1 Ke7 38. a4 Ra8 39. a5 Nf6 40. Nf4 Nd5 41.
Nd3 Kd8 42. Ne5 Ke7 43. Nd3 Nc7 44. Rbb1 Na6 45. Rh1 Rdd8 46. Kd2 Rh8 47. Kc3
Kd6 48. Ne5 Rh7 49. f3 Nb8 50. g4 fxg4 51. fxg4 Nd7 52. Nf3 Nf6 53. Ng5 Rg7 54.
Raf1 Nxg4 55. Nxf7+ Ke7 56. Ng5 Re8 57. e4 Kd8 58. e5 Ne3 59. Rf3 Nf5 60. Ne4
Rd7 61. Nc5 Rxd4 62. Rxf5 Rc4+ 63. Kb3 gxf5 64. Nxb7+ Ke7 65. Nd6 Rd4 66. Nxf5+
Ke6 67. Nxd4+ Kd5 68. Nc2 Rxe5 69. Rh3 Kd6 70. a6 Kc7 71. Nd4 Kb6 72. Rc3 Kxa6
73. Rxc6+ Kb7 74. Rh6 Re3+ 75. Kc2 Re4 76. Kc3 Re3+ 77. Kd2 Re4 78. Kd3 Rh4 79.
Nxb5 Rxb4 80. Nd4 Kc7 81. Rxh5 Rb6 82. Rh7+ Kd6 83. Kc4 Rb1 84. Rh6+ Ke5 85.
Re6+ Kf4 86. Re2 Rc1+ 87. Kd3 Ra1 88. Re4+ Kg5 89. Re6 Rd1+ 90. Kc4 Rc1+ 91. Kd5
Rf1 92. Re5+ Kg4 93. Re4+ Kg3 94. Ne2+ Kf2 95. Nd4 Re1 96. Rf4+ Kg1 97. Rf6 Kh1
98. Rg6 Kh2 99. Rh6+ Kg1 100. Rg6+ 1-0

[Event "MrDodgy Inv 3 GpA"]
[Site "chess24.com INT"]
[Date "2022.11.25"]
[Round "6.6"]
[White "Grischuk, Alexander"]
[Black "Pichot, Alan"]
[Result "1-0"]
[WhiteTitle "GM"]
[BlackTitle "GM"]
[WhiteElo "2745"]
[BlackElo "2637"]
[WhiteFideId "4126025"]
[BlackFideId "110973"]
[EventDate "2022.11.25"]

1. Nf3 Nf6 2. g3 d5 3. Bg2 e6 4. O-O c5 5. d3 Nc6 6. e4 Be7 7. Bf4 O-O 8. a4 b6
9. e5 Nd7 10. h4 Bb7 11. Na3 a6 12. c3 Qc7 13. Re1 d4 14. Nc4 dxc3 15. bxc3 h6
16. Rb1 Na5 17. Nxa5 bxa5 18. Rxb7 Qxb7 19. Nd4 Qb6 20. Nc6 Rae8 21. Qg4 Kh8 22.
Qh5 Kg8 23. Bxh6 gxh6 24. Qxh6 f6 25. Qg6+ Kh8 26. Be4 f5 27. Qh6+ Kg8 28. Qg6+
Kh8 29. Qh6+ Kg8 30. Qxe6+ Kg7 31. Qxd7 fxe4 32. Nxe7 Qd8 33. Qg4+ Kf7 34. Nf5
Qxd3 35. Nd6+ Ke7 36. Nxe8 Qd2 37. Qe2 1-0

[Event "MrDodgy Inv 3 GpA"]
[Site "chess24.com INT"]
[Date "2022.11.25"]
[Round "7.1"]
[White "Van Foreest, Jorden"]
[Black "Rosen, Eric"]
[Result "1-0"]
[WhiteTitle "GM"]
[BlackTitle "IM"]
[WhiteElo "2690"]
[BlackElo "2356"]
[WhiteFideId "1039784"]
[BlackFideId "2032562"]
[EventDate "2022.11.25"]

1. Na3 e5 2. Nc4 Nc6 3. e4 Nf6 4. d3 d5 5. exd5 Nxd5 6. Nf3 f6 7. Be2 Be6 8. O-O
Bc5 9. a3 a5 10. c3 O-O 11. Re1 Qd7 12. Bf1 Rae8 13. Bd2 b5 14. Nxa5 Nxa5 15. b4
Bb6 16. bxa5 Bxa5 17. c4 Bxd2 18. Qxd2 bxc4 19. dxc4 Nf4 20. Qxd7 Bxd7 21. g3
Bc6 22. gxf4 Bxf3 23. Re3 e4 24. a4 f5 25. Bg2 Bxg2 26. Kxg2 Re6 27. a5 Ra8 28.
Rb3 Raa6 29. Rb5 g6 30. Rd1 Kf7 31. h4 Red6 32. Ra1 Ke6 33. Rb7 Kd7 34. Rb8 Kc6
35. h5 Kc5 36. h6 Rd7 37. Ra4 Kd4 38. Rg8 c5 39. Rg7 Rda7 40. Kg3 Kc3 41. Rg8
Kb3 42. Ra1 Kxc4 43. Rc1+ Kd5 44. Rd8+ Kc6 45. Rc8+ Kd6 46. R1xc5 Rxa5 47. R5c6+
Ke7 48. Rh8 Kd7 49. Rf6 Ra3+ 50. Kg2 Ke7 51. Rc6 Kd7 52. Rf6 Ke7 53. Rb6 Rd7 54.
Rxh7+ Kd8 55. Rb8+ Kc7 56. Rxd7+ Kxd7 57. h7 g5 58. h8=Q gxf4 59. Qd8+ Ke6 60.
Rb6+ Kf7 61. Rf6+ Kg7 62. Qf8+ Kh7 63. Rh6# 1-0

[Event "MrDodgy Inv 3 GpA"]
[Site "chess24.com INT"]
[Date "2022.11.25"]
[Round "7.4"]
[White "Jones, Gawain C B"]
[Black "Grischuk, Alexander"]
[Result "1/2-1/2"]
[WhiteTitle "GM"]
[BlackTitle "GM"]
[WhiteElo "2623"]
[BlackElo "2745"]
[WhiteFideId "409561"]
[BlackFideId "4126025"]
[EventDate "2022.11.25"]

1. Nf3 Nf6 2. g3 c5 3. Bg2 Nc6 4. c4 d5 5. cxd5 Nxd5 6. d4 cxd4 7. Nxd4 Ndb4 8.
Nxc6 Qxd1+ 9. Kxd1 Nxc6 10. Nc3 Bd7 11. Be3 g6 12. Rc1 Bg7 13. h4 h5 14. Kc2 O-O
15. Rhd1 Rfd8 16. Bxc6 bxc6 17. Rd2 a5 18. Na4 c5 19. Nxc5 Bf5+ 20. Nd3 Rdb8 21.
Kd1 Bxd3 22. Rxd3 Rxb2 23. Rc2 Rb7 24. Bd4 Rd8 25. Bxg7 Rxd3+ 26. exd3 Kxg7 27.
Kc1 Rb5 28. Rc7 Kf6 29. Ra7 e5 30. a4 Rd5 31. Kc2 Ke6 32. Kc3 f6 33. Ra6+ Kf5
34. Kc2 g5 35. hxg5 fxg5 36. Rh6 Kg4 37. Rg6 Rd4 38. Re6 Kf5 39. Rh6 h4 40. gxh4
gxh4 41. Kd2 Rxa4 42. Ke3 Rd4 43. Rh5+ Ke6 44. Rh6+ Kd5 45. Ra6 a4 46. Ra8 Kc5
47. Ra5+ Kd6 48. Ra6+ Kd5 49. Ra5+ Ke6 50. Ra6+ Kf5 51. Ra8 Rb4 52. Rf8+ Ke6 53.
Re8+ Kd6 54. Rd8+ Ke7 55. Rh8 Ke6 56. Re8+ Kf6 57. Rh8 Ke7 58. Rh7+ Kd6 59. Rh8
a3 60. Rd8+ Ke6 61. Ra8 h3 62. Kf3 h2 63. Kg2 Rh4 64. Kh1 Rf4 65. Rxa3 Rxf2 66.
Ra6+ Kf5 67. Ra8 Kf4 68. Rf8+ Ke3 69. Rxf2 Kxf2 70. Kxh2 Ke3 71. Kg1 Kxd3 72.
Kf1 e4 73. Ke1 e3 74. Kd1 e2+ 75. Ke1 Ke3 1/2-1/2

[Event "MrDodgy Inv 3 GpA"]
[Site "chess24.com INT"]
[Date "2022.11.25"]
[Round "7.5"]
[White "Supi, Luis Paulo"]
[Black "Plichta, Kamil"]
[Result "1-0"]
[WhiteTitle "GM"]
[BlackTitle "FM"]
[WhiteElo "2612"]
[BlackElo "2394"]
[WhiteFideId "2106388"]
[BlackFideId "1141830"]
[EventDate "2022.11.25"]

1. c4 g6 2. g3 Bg7 3. Bg2 Nf6 4. b3 e5 5. Bb2 d6 6. Nf3 O-O 7. O-O a5 8. Nc3
Nbd7 9. d3 Nc5 10. a3 Re8 11. b4 Ne6 12. e3 c6 13. Qb3 Qb6 14. Na4 Qc7 15. c5
dxc5 16. Bxe5 Qe7 17. Nb6 Ra6 18. Nxc8 Rxc8 19. b5 a4 20. Qc2 cxb5 21. Rab1 Qd7
22. Qb2 Ne8 23. Bxg7 N8xg7 24. Ne5 Qe7 25. Ng4 h5 26. Nf6+ Kh8 27. Nd5 Qd8 28.
Qxb5 Rd6 29. Nb6 Rc7 30. Nc4 Rxd3 31. Qxa4 h4 32. Rxb7 Rxb7 33. Bxb7 hxg3 34.
hxg3 Qc7 35. Be4 Rd8 36. Rd1 Rb8 37. Rd7 Qc8 38. Nd6 Qf8 39. Nxf7+ Kg8 40. Bxg6
Rb2 41. Qh4 Ng5 42. Qh8# 1-0

[Event "MrDodgy Inv 3 GpA"]
[Site "chess24.com INT"]
[Date "2022.11.25"]
[Round "7.6"]
[White "Adhiban, Baskaran"]
[Black "Williams, Simon K"]
[Result "1-0"]
[WhiteTitle "GM"]
[BlackTitle "GM"]
[WhiteElo "2603"]
[BlackElo "2467"]
[WhiteFideId "5018471"]
[BlackFideId "404454"]
[EventDate "2022.11.25"]

1. e4 g6 2. d4 Bg7 3. Nf3 d6 4. Be3 a6 5. c4 Nf6 6. Nc3 O-O 7. Be2 Nbd7 8. O-O
e5 9. dxe5 dxe5 10. h3 Nh5 11. Qc1 c6 12. Rd1 Qe7 13. b3 Nf4 14. Bf1 b5 15. cxb5
axb5 16. a4 b4 17. Ne2 Ba6 18. Nxf4 exf4 19. Bd4 Bxf1 20. Kxf1 Bxd4 21. Nxd4 c5
22. Nf3 Ne5 23. Qxf4 Nxf3 24. Qxf3 Rfe8 25. Rac1 Qxe4 26. Qxe4 Rxe4 27. Rxc5 Ra7
28. Rcd5 Kg7 29. R5d4 Rae7 30. f3 Re2 31. R1d2 Re1+ 32. Kf2 Rb1 33. Rxb4 h5 34.
h4 Ree1 35. a5 Re5 36. Ra2 Re7 37. a6 Ra7 38. Rb6 Kh6 39. b4 f5 40. Kg3 Rc1 41.
Rb7 Ra8 42. a7 Rcc8 43. b5 Rf8 44. b6 f4+ 45. Kf2 1-0